000 00413nam a2200169Ia 4500
008 210210b1797 xxu||||| |||| 00| 0 eng d
041 _aeng
082 _a940/14
100 _aBARRUEL (Abbe)
245 _aMemoirs illustrating the history of Jacobinism Vol I
260 _aLondon
_b-
_c1797
440 _a1
650 _aEuropean
650 _acivilisation
690 _aEuropean History
906 _a025084
999 _c150933
_d150933